|
|
|
|
| LEADER |
00000nab#a22000007a#4500 |
| 001 |
arbauad041974 |
| 003 |
AR-BaUAD |
| 005 |
20250711113256.0 |
| 008 |
991207|||||||||###||||||b###|0###a|spa|| |
| 040 |
|
|
|a AR-BaUAD
|c AR-BaUAD
|b spa
|
| 245 |
1 |
0 |
|a Modelling cognitive processes of experienced air traffic controllers
|
| 300 |
0 |
|
|b il., gráf.
|
| 653 |
|
|
|a TRANSPORTE AEREO
|
| 653 |
|
|
|a AVIONES
|
| 653 |
|
|
|a TRANSITO
|
| 653 |
|
|
|a CONTROL
|
| 653 |
|
|
|a TRABAJO
|
| 653 |
|
|
|a PROCESOS TECNICOS
|
| 653 |
|
|
|a ERGONOMIA
|
| 773 |
0 |
|
|t ERGONOMICS
|g no. 11 [nov. 1999], p. 1507-1520
|
| 942 |
|
|
|c ARTI
|
| 952 |
|
|
|0 0
|1 0
|4 0
|7 0
|9 86893
|a AR-BAuAD
|b AR-BAuAD
|d 2025-07-11
|l 0
|p AAQA041974
|r 2025-07-11 11:32:56
|w 2025-07-11
|y ARTI
|
| 990 |
|
|
|a CS199
|b TD
|
| 998 |
|
|
|a AAQ
|b BIBUN76
|
| 999 |
|
|
|c 66566
|d 66566
|